00486nam a2200193Ia 450000500170000000800410001702000290005804000190008704100120010608200160011810000170013424500420015125000120019326000260020530000100023150400260024165000140026785000110028120240409131727.0131103s9999 xx 000 0 und d a81 7043 073 9cRs 100.00 aLoreto College aEnglish a370.1 bDHI aDhiman, O.P. aFoundations of EducationcO.P. Dhiman a1st ed. aDelhibAtma Ramc1989 a319p  aIncludes bibliography aEducation aLCLIB